Componentes electrónicos: descripción técnica y características para estudiantes

Na minha lista:
Detalhes bibliográficos
Autor Corporativo: Siemens Aktiengesellschaft (Author)
Formato: Livro
Idioma:espanhol
Publicado em: Barcelona Marcombo 1987
Assuntos:
Tags: Adicionar Tag
Sem tags, seja o primeiro a adicionar uma tag!

MARC

LEADER 00000nam a2200000 a 4500
001 UCV6192
003 CL-VaPUC
008 891207e19870000SP |||||||||||||||||spa|d
082 0 4 |a 621.381  |b SIE  |2 21 
110 2 |a Siemens Aktiengesellschaft  |e author  |9 300424 
245 1 0 |a Componentes electrónicos: descripción técnica y características para estudiantes 
300 |a 730 p 
942 |c BK 
945 |d 19891207 00:00:00 
260 |a Barcelona  |b Marcombo  |c 1987 
650 0 |a Electrónica   |9 263192 
650 0 |a Materiales  |9 260800 
650 0 |a Circuitos electrónicos  |9 260204 
583 |a last modification  |c 19891207 00:00:00  |k Rodrigo Vera 
999 |c 212389  |d 212387 
952 |0 0  |1 0  |4 0  |6 621_381000000000000_SIE_1987  |7 0  |8 F  |9 193307  |a BIBING  |b BIBING  |d 2019-11-14  |i 2610450  |l 1  |o 621.381 SIE 1987  |p 2610450  |r 2025-01-20  |s 2023-10-16  |w 2019-11-14  |y BK_F  |k EIE